<?xml version="1.0" encoding="UTF-8"?><?xml-stylesheet type="text/xsl" href="static/style.xsl"?><OAI-PMH xmlns="http://www.openarchives.org/OAI/2.0/" xmlns:xsi="http://www.w3.org/2001/XMLSchema-instance" xsi:schemaLocation="http://www.openarchives.org/OAI/2.0/ http://www.openarchives.org/OAI/2.0/OAI-PMH.xsd"><responseDate>2026-04-14T06:10:49Z</responseDate><request verb="GetRecord" identifier="oai:www.recercat.cat:20.500.12327/1943" metadataPrefix="marc">https://recercat.cat/oai/request</request><GetRecord><record><header><identifier>oai:recercat.cat:20.500.12327/1943</identifier><datestamp>2025-10-22T11:21:45Z</datestamp><setSpec>com_2072_4428</setSpec><setSpec>com_2072_4427</setSpec><setSpec>col_2072_487898</setSpec></header><metadata><record xmlns="http://www.loc.gov/MARC21/slim" xmlns:dcterms="http://purl.org/dc/terms/" xmlns:xsi="http://www.w3.org/2001/XMLSchema-instance" xmlns:doc="http://www.lyncode.com/xoai" xsi:schemaLocation="http://www.loc.gov/MARC21/slim http://www.loc.gov/standards/marcxml/schema/MARC21slim.xsd">
   <leader>00925njm 22002777a 4500</leader>
   <datafield ind2=" " ind1=" " tag="042">
      <subfield code="a">dc</subfield>
   </datafield>
   <datafield ind2=" " ind1=" " tag="720">
      <subfield code="a">Miranda, Miguel Angel</subfield>
      <subfield code="e">author</subfield>
   </datafield>
   <datafield ind2=" " ind1=" " tag="720">
      <subfield code="a">Stegeman, Jan Arend</subfield>
      <subfield code="e">author</subfield>
   </datafield>
   <datafield ind2=" " ind1=" " tag="720">
      <subfield code="a">Bicout, Dominique</subfield>
      <subfield code="e">author</subfield>
   </datafield>
   <datafield ind2=" " ind1=" " tag="720">
      <subfield code="a">Botner, Anette</subfield>
      <subfield code="e">author</subfield>
   </datafield>
   <datafield ind2=" " ind1=" " tag="720">
      <subfield code="a">Butterworth, Andrew</subfield>
      <subfield code="e">author</subfield>
   </datafield>
   <datafield ind2=" " ind1=" " tag="720">
      <subfield code="a">Calistri, Paolo</subfield>
      <subfield code="e">author</subfield>
   </datafield>
   <datafield ind2=" " ind1=" " tag="720">
      <subfield code="a">Depner, Klaus</subfield>
      <subfield code="e">author</subfield>
   </datafield>
   <datafield ind2=" " ind1=" " tag="720">
      <subfield code="a">Edwards, Sandra</subfield>
      <subfield code="e">author</subfield>
   </datafield>
   <datafield ind2=" " ind1=" " tag="720">
      <subfield code="a">Garin-Bastuji, Bruno</subfield>
      <subfield code="e">author</subfield>
   </datafield>
   <datafield ind2=" " ind1=" " tag="720">
      <subfield code="a">Good, Margaret</subfield>
      <subfield code="e">author</subfield>
   </datafield>
   <datafield ind2=" " ind1=" " tag="720">
      <subfield code="a">Gortazar Schmidt, Christian</subfield>
      <subfield code="e">author</subfield>
   </datafield>
   <datafield ind2=" " ind1=" " tag="720">
      <subfield code="a">Michel, Virginie</subfield>
      <subfield code="e">author</subfield>
   </datafield>
   <datafield ind2=" " ind1=" " tag="720">
      <subfield code="a">More, Simon</subfield>
      <subfield code="e">author</subfield>
   </datafield>
   <datafield ind2=" " ind1=" " tag="720">
      <subfield code="a">Raj, Mohan</subfield>
      <subfield code="e">author</subfield>
   </datafield>
   <datafield ind2=" " ind1=" " tag="720">
      <subfield code="a">Nielsen, Søren Saxmose</subfield>
      <subfield code="e">author</subfield>
   </datafield>
   <datafield ind2=" " ind1=" " tag="720">
      <subfield code="a">Sihvonen, Lisa</subfield>
      <subfield code="e">author</subfield>
   </datafield>
   <datafield ind2=" " ind1=" " tag="720">
      <subfield code="a">Spoolder, Hans</subfield>
      <subfield code="e">author</subfield>
   </datafield>
   <datafield ind2=" " ind1=" " tag="720">
      <subfield code="a">Thulke, Hans H.</subfield>
      <subfield code="e">author</subfield>
   </datafield>
   <datafield ind2=" " ind1=" " tag="720">
      <subfield code="a">Velarde, Antonio</subfield>
      <subfield code="e">author</subfield>
   </datafield>
   <datafield ind2=" " ind1=" " tag="720">
      <subfield code="a">Willeberg, Preben</subfield>
      <subfield code="e">author</subfield>
   </datafield>
   <datafield ind2=" " ind1=" " tag="720">
      <subfield code="a">Winckler, Christoph</subfield>
      <subfield code="e">author</subfield>
   </datafield>
   <datafield ind2=" " ind1=" " tag="260">
      <subfield code="c">2016-08-09</subfield>
   </datafield>
   <datafield ind2=" " ind1=" " tag="520">
      <subfield code="a">In order to assess the effects on disease spread and persistence of partial stamping out of only&#xd;
clinically affected animals in holdings where the presence of lumpy skin disease has been confirmed,&#xd;
against total stamping-out policy of infected herds coupled with vaccination, a mathematical model for&#xd;
the transmission of LSDV between farms was developed and different scenarios explored. According to&#xd;
the model, vaccination has a greater impact in reducing LSDV spread than any culling policy, even&#xd;
when low vaccination effectiveness is considered. When vaccination is evenly applied so that 95% of&#xd;
the farms are vaccinated with 75% of vaccinated animals effectively protected, then total stamping out&#xd;
and partial stamping out result in a similar probability of eradicating the infection. When no vaccination&#xd;
is applied or when vaccination has a lower effectiveness (e.g. 40%), the probability of eradication is&#xd;
higher when total stamping out is performed as compared to partial stamping out. In general, partial&#xd;
stamping out results in limited increase of the number of farms affected as compared to total stamping&#xd;
out. Independently of the culling interventions applied in the model, vaccination was most effective in&#xd;
reducing LSDV spread if protection had already been developed at the time of virus entry, followed by&#xd;
protection of herds after virus entry. No vaccination is the least effective option in reducing LSDV&#xd;
spread. In order to reach the above described effects, it is necessary to implement vaccination of the&#xd;
entire susceptible population in regions at risk for LSDV introduction or affected by LSDV in order to&#xd;
minimise the number of outbreaks, and high animal- and farm-level vaccination coverage should be&#xd;
achieved. Farmers and veterinarians should be trained in the clinical identification of LSD in order to&#xd;
reduce underreporting, and the effectiveness of partial stamping out should be evaluated under field&#xd;
conditions.</subfield>
   </datafield>
   <datafield ind1="8" ind2=" " tag="024">
      <subfield code="a">Miranda, Miguel Angel, Jan Arend Stegeman, Dominique Bicout, Anette Botner, Andrew Butterworth, Paolo Calistri, Klaus Depner, Sandra Edwards, Bruno Garin-Bastuji, Margaret Good, Christian Gortazar Schmidt, Virginie Michel, Simon More, Mohan Raj, Søren Saxmose Nielsen,Lisa Sihvonen, Hans Spoolder, Hans H. Thulke, Antonio Velarde, Preben Willeberg and Christoph Winckler. 2016. "Urgent Advice On Lumpy Skin Disease". EFSA Journal 2016; 14(8). doi: 10.2903/j.efsa.2016.4573.</subfield>
   </datafield>
   <datafield ind1="8" ind2=" " tag="024">
      <subfield code="a">1831-4732</subfield>
   </datafield>
   <datafield ind1="8" ind2=" " tag="024">
      <subfield code="a">http://hdl.handle.net/20.500.12327/1943</subfield>
   </datafield>
   <datafield ind1="8" ind2=" " tag="024">
      <subfield code="a">https://doi.org/10.2903/j.efsa.2016.4573</subfield>
   </datafield>
   <datafield ind2="0" ind1="0" tag="245">
      <subfield code="a">Urgent advice on lumpy skin disease EFSA Panel on Animal Health and Welfare</subfield>
   </datafield>
</record></metadata></record></GetRecord></OAI-PMH>